| 000 | 00700nam a22002297a 4500 | ||
|---|---|---|---|
| 005 | 20170124110043.0 | ||
| 010 | _aA-292081 | ||
| 020 |
_c00.00 _a8185054258 |
||
| 035 | _aA-292081 | ||
| 037 | _bCen Lib/Ret | ||
| 040 |
_aDPL _bEN |
||
| 082 |
_a780.954 _bWAD |
||
| 100 |
_aWade, Bonnie C. _924130 |
||
| 245 |
_aMusic in India : _cby Bonnie C. Wade _bthe classical traditions / |
||
| 260 |
_aNew Delhi _bManohar _c1987 |
||
| 270 |
_a1, Ansari Road Darya Ganj _bNew Delhi _e110002 |
||
| 300 |
_axviii, 252p. : _c20cm(Hb) _bill. |
||
| 500 | _aIncludes glossary and index | ||
| 650 |
_a Hindustani Music _zIndia _9107434 |
||
| 650 |
_aMusic _94778 |
||
| 942 |
_2ddc _cEN _h780.954 _mWAD |
||
| 999 |
_c128690 _d128690 |
||